Delmira Agustini /
Gorde:
| Egile nagusia: | |
|---|---|
| Formatua: | Liburua |
| Hizkuntza: | gaztelania |
| Argitaratua: |
Barcelona, España :
Cervantes,
fecha no identificada
|
| Edizioa: | 2a edición |
| Saila: | (Las Mejores Poesías Líricas de los Mejores Poetas ;
39) |
| Gaiak: | |
| Etiketak: |
Etiketarik gabe, Izan zaitez lehena erregistro honi etiketa jartzen!
|
MARC
| LEADER | 00000nam^a2200000^a^4500 | ||
|---|---|---|---|
| 001 | 000127777 | ||
| 005 | 20250521000000.0 | ||
| 009 | 20260310094813.012 | ||
| 037 | |a Acervo ITESO - Biblioteca | ||
| 041 | |a ESP | ||
| 082 | |a 861. |b AGU | ||
| 100 | |a Agustini, Delmira |e (autor) | ||
| 240 | 1 | 1 | |a [Poesía de Delmira Agustini] |
| 245 | 1 | 0 | |a Delmira Agustini / |c D. Agustini. |
| 250 | |a 2a edición | ||
| 264 | 1 | |a Barcelona, España : |b Cervantes, |c fecha no identificada | |
| 300 | |a 70 p. | ||
| 336 | |a texto |b txt |2 rdacontenido | ||
| 337 | |a sin mediación |b n |2 rdamedio | ||
| 338 | |a volumen |b nc |2 rdasoporte | ||
| 440 | 5 | |a (Las Mejores Poesías Líricas de los Mejores Poetas ; |v 39) | |
| 545 | 0 | |a La poeta uruguaya Delmira Agustini (Montevideo, 1886-1914) formó parte de la llamada Generación de 1900 y es considerada una de las principales representantes del modernismo. Afín a la sensibilidad y a la estética de esta corriente de principios del siglo XX, revolucionó la poesía de su época: detrás de una conducta irreprochable en su vida privada, en su obra exploró de forma importante la feminidad, el amor, la sexualidad y el erotismo como partes de la experiencia vital; con ello, reivindicó la importancia del deseo femenino; trató el tema sin trabas, con voz auténtica, así como con imágenes atrevidas y poco convencionales. Su poesía, de gran musicalidad es, sin embargo, sombría y trata, frecuentemente, el tema de la soledad de la autora. Se publicaron, en vida y de manera póstuma: El libro blanco o Frágil; Cantos de la mañana; Los cálices vacíos; El rosario de Eros; Los astros del abismo y Correspondencia sexual. | |
| 649 | |a XX | ||
| 650 | |a Poesía Uruguaya | ||
| 650 | |a Literatura Uruguaya - |y Siglo XX | ||
| 650 | |a Literatura de Mujeres - |z Uruguay | ||
| 650 | |a Literatura Erótica - |z Uruguay | ||
| 650 | |a Modernismo (Literatura) - |z Uruguay | ||
| 910 | |a Fondo Salvador Reynoso Reynoso | ||
| 920 | |a Impresos - Libros | ||
| 930 | |a Fondos Especiales | ||
| 940 | |a Literatura | ||
| 905 | |a 112 | ||
| 901 | |a 0800009717 |b IT2 |c ESP |u 20250521 | ||
| 902 | |a https://opac.biblio.iteso.mx/vufind/Record/000127777 | ||